Metodología de análisis de coyuntura: serie de cuadernos
Na minha lista:
| Formato: | Desconhecido |
|---|---|
| Idioma: | Spanish |
| Publicado em: |
México :
|
| Tags: |
Adicionar Tag
Sem tags, seja o primeiro a adicionar uma tag!
|
MARC
| LEADER | 00000 a2200000 04500 | ||
|---|---|---|---|
| 001 | 43746 | ||
| 003 | |||
| 008 | 991231s mx spa d | ||
| 040 | |||
| 020 | |a [sin ISBN] | ||
| 090 | |a 1001 M593m | ||
| 245 | |a Metodología de análisis de coyuntura: |b serie de cuadernos | ||
| 260 | |a México : | ||
| 300 | |a páginación irregular : |b ilustraciones | ||
| 999 | |c 12797 |d 12797 | ||
